CongregaciÛn social y espacios públicos : presente y pasado en el valle de Codpa. Norte de Chile /

La presencia de espacios públicos al interior de los asentamientos arqueológicos no ha sido utilizada para realizar mayores inferencias sobre la organización social de los pobladores prehispánicos en el norte de Chile. En este contexto, el presente trabajo busca nuevos alcances interpretativos del r...

Full description

Bibliographic Details
Main Author: Ajata López, Rolando
Format: Analitica de revista
Language:Spanish

MARC

LEADER 00000cab a2200000 a 4500
001 026391
003 UAHC_CL
005 20180809120151.0
008 050712b xx j 000 1 spa
952 |0 0  |1 0  |4 0  |6 BOLETIN__SCHA37_04_000000000000000  |7 0  |8 General  |9 53263  |a BC  |b BC  |c General  |d 2017-08-03  |l 0  |o BOLETIN.SCHA-37/04  |p FICTICIO1159  |r 2019-01-08 00:00:00  |t 1  |w 2017-08-03  |y REVA 
999 |c 26391  |d 26391 
040 |a UAHC_CL  |c UAHC_CL  |d UAHC_CL 
100 1 |a Ajata López, Rolando 
245 1 0 |a CongregaciÛn social y espacios públicos :  |b presente y pasado en el valle de Codpa. Norte de Chile /  |c Rolando Ajata López. 
520 |a La presencia de espacios públicos al interior de los asentamientos arqueológicos no ha sido utilizada para realizar mayores inferencias sobre la organización social de los pobladores prehispánicos en el norte de Chile. En este contexto, el presente trabajo busca nuevos alcances interpretativos del registro arqueológico. Por ello se ha adoptado una aproximación metodológica cualitativa , que implica el uso del método comparativo en la interrelación de espacios públicos y congregación social, en diferentes momentos de tiempo (período intermedio, tardio, colonial y actual) y en un sector específico del norte de Chile (Valle de Codpa) 
900 |a BOLETIN.SCHA-37/04 
942 |c REVA  |2 ddc